| 000 | 00496nam a22001817a 4500 | ||
|---|---|---|---|
| 003 | NUST - PNEC | ||
| 005 | 20170116180821.0 | ||
| 008 | 150618b xxu||||| |||| 00| 0 eng d | ||
| 020 | _a- | ||
| 040 | _cLIBRARY | ||
| 082 | _a297.64 HUS | ||
| 100 |
_94095 _aHussain, Taha |
||
| 245 |
_aHazrat Usman (Razi Allah Tala anhu): Tareekh aur siyasat ki roshni me _cDr. Taha Hussain |
||
| 260 |
_aKarachi: _bNafees Academy, _cc1979. |
||
| 300 |
_a238 p.: _c23 cm. |
||
| 650 | _xIslam | ||
| 942 |
_2ddc _cBK |
||
| 999 |
_c63729 _d63729 |
||